2) From Russia with Love Quiz - Statistics

General Stats
  • This quiz has been taken 793 times
    787 since last reset
  • The average score is 5 of 10
Answer Stats
Question Answer % Correct
What famous train service does Bond take from Istanbul? the Orient Express
84%
What does Grant order with fish that tells Bond there's something peculiar about him? red wine
83%
In the film, Rosa Klebb works for SPECTRE, but what organisation did she serve in the novel? SMERSH
71%
What part of her body does Tatiana Romanova think is too big? her mouth
69%
What Soviet cipher machine does the plot of the film revolve around? Lektor
65%
Which politician's praise of the novel led to EON picking it for the second Bond film? John F. Kennedy
58%
Who was the maker of Bond’s car seen in From Russia With Love? Bentley
46%
How many gold sovereigns are contained in Bond’s attaché case? 50
31%
At which capital city does Grant intercept Bond’s contact and assume the identity of Capt. Nash? Zagreb
24%
What Anita Ekberg movie is advertised on the building where Kerim Bey kills Krilencu? Call Me Bwana
12%
No matching quizzes found
Score Distribution
Percent of People with Each Score
Percentile by Number Answered
Your Score History
You have not taken this quiz since the last reset